Síntesis de los Papilionoidea (<Lepidoptera: Rhopalocera>) del estado de Veracruz (Registro nro. 9862)

Detalles MARC
000 -CABECERA
Campo de control 006600000a22001930004500
090 ## - CLASIFICACIÓN LOCAL
Colección AR
Consecutivo 00771
041 0# - IDIOMA
Código de idioma para texto/pista de sonido o título separado
100 1# - ASIENTO PRINCIPAL--NOMBRE PERSONAL
Nombre personal Martínez, Armando Luis
245 10 - MENCION DE TITULO
Título Síntesis de los Papilionoidea (<Lepidoptera: Rhopalocera>) del estado de Veracruz
650 14 - ASIENTO SECUNDARIO DE MATERIA - TERMINO TEMATICO
Término temático o nombre geográfico como elemento de entrada Mariposas
650 14 - ASIENTO SECUNDARIO DE MATERIA - TERMINO TEMATICO
Término temático o nombre geográfico como elemento de entrada Biología de la especie
650 14 - ASIENTO SECUNDARIO DE MATERIA - TERMINO TEMATICO
Término temático o nombre geográfico como elemento de entrada Distribución geográfica
651 #4 - ASIENTO SECUNDARIO DE MATERIA - NOMBRE GEOGRAFICO
-- Veracruz
-- México
653 ## - TERMINO DE INDIZACION - NO CONTROLADO
-- Papilionoidea
-- Lepidoptera
700 1# - ASIENTO SECUNDARIO - NOMBRE PERSONAL
Nombre personal Vargas Fernández, Isabel
700 1# - ASIENTO SECUNDARIO - NOMBRE PERSONAL
Nombre personal Llorente Bousquets, Jorge E.
773 1# - Item fuente:
Título Folia Entomológica Mexicana
Especificación de materiales 290
Descripción física 93
Paginas del Articulo 91-133
Lugar, editorial y fecha de publicación 1995
Información sobre la relación 93
942 ## - ELEMENTOS ADICIONALES (KOHA)
Tipo de ítem Artículo
Existencias
Withdrawn status Lost status Damaged status No para préstamo Colección Ubicación Permanente Ubicación actual Fecha de adquisición Fuente de Valor Datos de publicación Seriada Total Checkouts Número topográfico Inventario / Código de Barras Date last seen Ejemplar Price effective from Forma de adquisición Tipo de material
      No para Préstamo Hemeroteca Bogotá Bogotá 27/02/2015 Instituto de Ciencias Naturales Fuera de circulación   AR 00771 011090 25/03/2015 1 25/03/2015   Artículo
      No para Préstamo Hemeroteca Bogotá Bogotá 27/02/2015 Instituto de Ciencias Naturales Fuera de circulación   AR 00771 011091 25/03/2015 2 25/03/2015   Artículo